William Carlos Williams and alterity : the early poetry

Αποθηκεύτηκε σε:
Λεπτομέρειες βιβλιογραφικής εγγραφής
Κύριος συγγραφέας: Ahearn, Barry
Μορφή: Βιβλίο
Γλώσσα:English
Δημοσίευση: Cambridge : Cambridge University Press, 1994
Σειρά:Cambridge studies in American literature and culture ; ; 75
Θέματα:
Ετικέτες: Προσθήκη ετικέτας
Δεν υπάρχουν, Καταχωρήστε ετικέτα πρώτοι!

MARC

LEADER 00000nam a2200000 i 4500
001 1/101773
008 950428s1994 eng d
020 |a 0-521-45200-7 
035 |l 10012241 
040 |a GR-MY-UA  |b gre  |e aacr 
041 0 |a eng 
082 0 |a 811.52 
100 1 |a Ahearn, Barry. 
245 1 0 |a William Carlos Williams and alterity :  |b the early poetry /  |c Barry Ahearn 
260 |a Cambridge :   |b Cambridge University Press,   |c 1994 
300 |a 183 p. 
490 1 |a Cambridge studies in American literature and culture  |v ; 75 
504 |a Includes bibliographical references and index 
600 1 0 |a Williams William Carlos  |d 1883-1963  |x Criticism and interpretation. 
650 0 0 |a Modernism (Literature)  |z United States. 
650 0 0 |a Contradiction in literature. 
830 0 |a Cambridge studies in American literature and culture ;  |v ; 75 
852 |a INST  |b LESVOS  |e 19950428  |h 811.52 AHE  |p 005100000508  |q 005100000508  |t BK  |y 0 
909 |a Λ  |b 041012 
950 |a 085-1995-02-23